|
|
|
|
| LEADER |
00000caa a2200000 c 4500 |
| 001 |
1642165115 |
| 003 |
DE-627 |
| 005 |
20200206144042.0 |
| 007 |
tu |
| 008 |
180320s2015 xx ||||| 00| ||eng c |
| 035 |
|
|
|a (DE-627)1642165115
|
| 035 |
|
|
|a (DE-576)501263047
|
| 035 |
|
|
|a (DE-599)BSZ501263047
|
| 040 |
|
|
|a DE-627
|b ger
|c DE-627
|e rda
|
| 041 |
|
|
|a eng
|
| 100 |
1 |
|
|a Vries, Ieke de
|e VerfasserIn
|0 (DE-588)1204231664
|0 (DE-627)1689564598
|4 aut
|
| 109 |
|
|
|a Vries, Ieke de
|a De Vries, Ieke
|a Vries, Ieke
|
| 245 |
1 |
0 |
|a Extremely wanted: human trafficking statistics
|b What to do with the hodgepodge of numbers?
|c by Ieke de Vries and Corinne Dettmeijer-Vermeulen
|
| 264 |
|
1 |
|c 2015
|
| 336 |
|
|
|a Text
|b txt
|2 rdacontent
|
| 337 |
|
|
|a ohne Hilfsmittel zu benutzen
|b n
|2 rdamedia
|
| 338 |
|
|
|a Band
|b nc
|2 rdacarrier
|
| 700 |
1 |
|
|a Dettmeijer-Vermeulen, Corinne
|e VerfasserIn
|0 (DE-627)1505269466
|0 (DE-576)435269461
|4 aut
|
| 773 |
0 |
8 |
|i Enthalten in
|t Forum on crime and society
|d New York, NY : UN, 2001
|g 8(2015), Special issue, Seite 15-36
|w (DE-627)329271628
|w (DE-600)2046971-8
|w (DE-576)094422575
|x 1020-9212
|7 nnas
|
| 773 |
1 |
8 |
|g volume:8
|g year:2015
|g number:Special issue
|g pages:15-36
|
| 951 |
|
|
|a AR
|
| ELC |
|
|
|b 1
|
| LOK |
|
|
|0 000 xxxxxcx a22 zn 4500
|
| LOK |
|
|
|0 001 3305899034
|
| LOK |
|
|
|0 003 DE-627
|
| LOK |
|
|
|0 004 1642165115
|
| LOK |
|
|
|0 005 20250407150006
|
| LOK |
|
|
|0 008 180320||||||||||||||||ger|||||||
|
| LOK |
|
|
|0 040
|a DE-21-110
|c DE-627
|d DE-21-110
|
| LOK |
|
|
|0 689
|a s
|a Human trafficking statistics
|
| LOK |
|
|
|0 689
|a s
|a Evidence-based policy
|
| LOK |
|
|
|0 689
|a g
|a Netherlands
|
| LOK |
|
|
|0 689
|a s
|a Children
|
| LOK |
|
|
|0 689
|a s
|a Sexual violence
|
| LOK |
|
|
|0 852
|a DE-21-110
|
| LOK |
|
|
|0 852 1
|m p
|9 00
|
| LOK |
|
|
|0 938
|k p
|
| LOK |
|
|
|0 939
|a 20-03-18
|b l01
|
| ORI |
|
|
|a SA-MARC-krimdoka001.raw
|